Business development and the planning system (Record no. 104595)

MARC details
000 -LEADER
fixed length control field 01230cam a2200205 4500
001 - CONTROL NUMBER
control field L130889
008 - FIXED-LENGTH DATA ELEMENTS--GENERAL INFORMATION
fixed length control field 050912n2005 000 0 eng u
035 ## - SYSTEM CONTROL NUMBER
System control number (Sirsi) u130889
041 0# - LANGUAGE CODE
Language code of text/sound track or separate title eng
110 ## - MAIN ENTRY--CORPORATE NAME
Corporate name or jurisdiction name as entry element Scottish Executive
9 (RLIN) 3811
245 ## - TITLE STATEMENT
Title Business development and the planning system
260 ## - PUBLICATION, DISTRIBUTION, ETC.
Place of publication, distribution, etc. Edinburgh
Name of publisher, distributor, etc. Scottish Executive
Date of publication, distribution, etc. 2005
520 ## - SUMMARY, ETC.
Summary, etc. Examines the criticism of the performance of the planning system in Scotland in dealing with major planning applications and the impact of the planning system on business. The study undertaken between December 2004 and April 2005 presents evidence about the nature, type and extent of the problems and makes recommendations to address them. The most critical recommendations relate to the provision of infrastructure and the streamlining of Town and Country Planning (Scotland) Act 1997 s75 agreements.
590 ## - LOCAL NOTE (RLIN)
Local note IKA130905
650 ## - SUBJECT ADDED ENTRY--TOPICAL TERM
Topical term or geographic name entry element TOWN AND COUNTRY PLANNING (SCOTLAND) ACT 1997 S75
690 ## - LOCAL SUBJECT ADDED ENTRY--TOPICAL TERM (OCLC, RLIN)
Topical term or geographic name as entry element ENVIRONMENTAL AND LAND CONSULTANCY-PLANNING AND DEVELOPMENT-PLANNING REFORM
710 ## - ADDED ENTRY--CORPORATE NAME
Corporate name or jurisdiction name as entry element Tribal HCH
9 (RLIN) 4762
856 ## - ELECTRONIC LOCATION AND ACCESS
Uniform Resource Identifier <a href="https://www.scotland.gov.uk/Publications/2005/08/23181826/18268">https://www.scotland.gov.uk/Publications/2005/08/23181826/18268</a>
Public note View the research free of charge at www.scotland.gov.uk...
942 ## - ADDED ENTRY ELEMENTS (KOHA)
Suppress in OPAC 0
Holdings
Withdrawn status Lost status Source of classification or shelving scheme Damaged status Not for loan Home library Current library Shelving location Date acquired Total Checkouts Full call number Barcode Date last seen Copy number Price effective from Koha item type
    Dewey Decimal Classification     Virtual Virtual Online 12/09/2005   ONLINE PUBLICATION 130889-2001 06/08/2019 1 06/08/2019 Book